|
|
|
|
| LEADER |
00000nam a2200000 i 4500 |
| 001 |
1/69798 |
| 008 |
080110s2000 eng d |
| 020 |
|
|
|a 1-85973-391-3
|
| 035 |
|
|
|l 10093511
|
| 040 |
|
|
|a GR-MY-UA
|b gre
|e aacr
|
| 041 |
0 |
|
|a eng
|
| 082 |
0 |
|
|a 791.430909358
|2 (22)
|
| 100 |
1 |
|
|a Fox, Jo.
|
| 245 |
1 |
0 |
|a Filming women in the Third Reich /
|c Jo Fox
|
| 260 |
|
|
|a Oxford :
|b Berg,
|c 2000
|
| 300 |
|
|
|a 268 σ.;
|b εικ. ;
|c 24 εκ.
|
| 504 |
|
|
|a Βιβλιογραφία: σ. 241-260
|
| 504 |
|
|
|a Ευρετήριο: σ. 261-268
|
| 650 |
0 |
0 |
|a Women in motion pictures.
|
| 650 |
0 |
0 |
|a Motion pictures
|z Germany
|x History.
|
| 650 |
0 |
0 |
|a National socialism in motion pictures.
|
| 852 |
|
|
|a INST
|b LESVOS
|e 20080110
|h 791.430909358 FOX
|p 005100040848
|q 005100040848
|t BK
|y 0
|
| 901 |
|
|
|a BIBL1-2008-1
|
| 909 |
|
|
|a Λ
|b 142809
|
| 922 |
|
|
|a 1ΕΛΗ
|b 200712
|c ΕΠΕΑΕΚ2/ΤΚΑ
|d ΕΛΕΥΘΕΡΟΥΔΑΚΗΣ
|
| 970 |
|
|
|a ΧΑΤΖΗΜΙΧΑΗΛ
|b ΜΑΡΙΑ
|z 2008/01/10
|